00724nam a2200241Ia 4500003000900000008004100009040001300050040001300063041000800076100002500084245005800109250002200167260002100189260000900210300001100219300000900230300001000239490001400249490000700263942000700270999001700277952018800294IT-RoPAU120407s9999 xx 000 0 und d aIT-RoPAU cIT-RoPAU aita aHenri-Pierre Rinckel aLa preghiera del cuore nella spiritualità orientale aCinisello Balsamo aEdizioni Paoline c1992 a126 p. bill. c19 cm aI Compact v15 cBK c24942d24942 00102ddc406248_500000000000000_10471aPAULUSbPAULUSd2012-04-11l0o248.5.104r2012-04-11 00:00:00w2012-04-11yBKzInserito da: In data: n.d. fondo: Via A.Severo 56 Progr:20929